000 00806nam a2200253Ia 4500
003 GCL
008 140319s9999 xx 000 0 ara d
040 _aGCL /
_cGCL
082 0 4 _a721
_bا ع
100 1 _aايمن سعدى محمد
245 1 0 _aعلم الديكور الحديث :
_bتكنولوجيا الديكور /
_cايمن سعدى محمد
250 _aالاولى
260 _aالاردن :
_bمكتبة المجتمع العربى للنشر والتوزيع ،
_c2003
300 _a135 ص ؛
_c24 سم
650 0 4 _aالبلاستيك
650 0 4 _aالاسمنت
650 0 4 _aالاثاث
650 0 4 _aالديكور
650 0 4 _aالدهانات
650 0 4 _aالمواد العازلة
650 0 4 _aالارضيات
650 0 4 _aالبلاط
942 _2ddc
_cBK
999 _c33396
_d33396